Management : (Record no. 208)
[ view plain ]
| 000 -LEADER | |
|---|---|
| fixed length control field | 00926cam a22002775a 4500 |
| 005 - DATE AND TIME OF LATEST TRANSACTION | |
| control field | 20190424132802.0 |
| 008 - FIXED-LENGTH DATA ELEMENTS--GENERAL INFORMATION | |
| fixed length control field | 130421s2004 njua frb 001 0 eng d |
| 010 ## - LIBRARY OF CONGRESS CONTROL NUMBER | |
| LC control number | 2003040562 |
| 020 ## - INTERNATIONAL STANDARD BOOK NUMBER | |
| International Standard Book Number | 0131009923 (pbk.) |
| 020 ## - INTERNATIONAL STANDARD BOOK NUMBER | |
| International Standard Book Number | 9780131009929 |
| 040 ## - CATALOGING SOURCE | |
| Original cataloging agency | EG-ScBUE |
| Language of cataloging | eng |
| Transcribing agency | EG-ScBUE |
| Modifying agency | EG-ScBUE |
| 082 04 - DEWEY DECIMAL CLASSIFICATION NUMBER | |
| Classification number | 658.4092 |
| Item number | DES |
| Edition number | 22 |
| 100 1# - MAIN ENTRY--PERSONAL NAME | |
| Personal name | Dessler, Gary, |
| 9 (RLIN) | 33129 |
| 245 10 - TITLE STATEMENT | |
| Title | Management : |
| Remainder of title | principles and practices for tomorrow's leaders / |
| Statement of responsibility, etc | Gary Dessler. |
| 250 ## - EDITION STATEMENT | |
| Edition statement | 3rd ed. |
| 260 ## - PUBLICATION, DISTRIBUTION, ETC. (IMPRINT) | |
| Place of publication, distribution, etc | Upper Saddle River, N.J. : |
| Name of publisher, distributor, etc | Pearson / Prentice Hall, |
| Date of publication, distribution, etc | c.2004. |
| 300 ## - PHYSICAL DESCRIPTION | |
| Extent | 1 v. (various pagings) : |
| Other physical details | ill. (col.) ; |
| Dimensions | 28 cm. |
| 500 ## - GENERAL NOTE | |
| General note | Includes glossary. |
| 504 ## - BIBLIOGRAPHY, ETC. NOTE | |
| Bibliography, etc | Includes bibliographical references and index. |
| 650 #7 - SUBJECT ADDED ENTRY--TOPICAL TERM | |
| Topical term or geographic name as entry element | Management. |
| Source of heading or term | BUEsh |
| 9 (RLIN) | 33130 |
| 650 #7 - SUBJECT ADDED ENTRY--TOPICAL TERM | |
| Topical term or geographic name as entry element | Leadership. |
| Source of heading or term | BUEsh |
| 9 (RLIN) | 33131 |
| 650 #7 - SUBJECT ADDED ENTRY--TOPICAL TERM | |
| Topical term or geographic name as entry element | Organization. |
| Source of heading or term | BUEsh |
| 9 (RLIN) | 33132 |
| 651 ## - SUBJECT ADDED ENTRY--GEOGRAPHIC NAME | |
| Source of heading or term | BUEsh |
| 653 ## - INDEX TERM--UNCONTROLLED | |
| Resource For college | BAEPS, Business Administration |
| Arrived date list | April2019 |
| 942 ## - ADDED ENTRY ELEMENTS (KOHA) | |
| Source of classification or shelving scheme | Dewey Decimal Classification |
| Withdrawn status | Item status | Source of classification or shelving scheme | Damaged status | Not for loan | Vendor | Home library | Current library | Shelving location | Date acquired | Source of acquisition | Cost, normal purchase price | Total Checkouts | Total Renewals | Full call number | Barcode | Date last seen | Date last borrowed | Cost, replacement price | Koha item type |
|---|---|---|---|---|---|---|---|---|---|---|---|---|---|---|---|---|---|---|---|
| Dewey Decimal Classification | Central Library | Central Library | First floor | 06/02/2015 | 149.00 | 12 | 7 | 658.4092 DES | 000004515 | 15/07/2025 | 17/04/2019 | 186.25 | Book - Borrowing | ||||||
| Dewey Decimal Classification | Central Library | Central Library | First floor | 06/02/2015 | 149.00 | 15 | 14 | 658.4092 DES | 000004514 | 15/07/2025 | 17/04/2019 | 186.25 | Book - Borrowing | ||||||
| Dewey Decimal Classification | Central Library | Central Library | First floor | 06/02/2015 | 149.00 | 18 | 8 | 658.4092 DES | 000004513 | 15/07/2025 | 16/04/2019 | 186.25 | Book - Borrowing | ||||||
| Dewey Decimal Classification | Central Library | Central Library | First floor | 06/02/2015 | 149.00 | 21 | 11 | 658.4092 DES | 000004512 | 15/07/2025 | 20/04/2017 | 186.25 | Book - Borrowing | ||||||
| Dewey Decimal Classification | Central Library | Central Library | First floor | 06/02/2015 | 149.00 | 6 | 658.4092 DES | 000004511 | 15/07/2025 | 20/04/2017 | 186.25 | Book - Borrowing | |||||||
| Dewey Decimal Classification | Central Library | Central Library | First floor | 06/02/2015 | 149.00 | 8 | 23 | 658.4092 DES | 000004510 | 15/07/2025 | 22/04/2017 | 186.25 | Book - Borrowing | ||||||
| Dewey Decimal Classification | Central Library | Central Library | First floor | 06/02/2015 | 149.00 | 10 | 8 | 658.4092 DES | 000004495 | 15/07/2025 | 28/03/2017 | 186.25 | Book - Borrowing | ||||||
| Lost & Replaced | Dewey Decimal Classification | Central Library | Central Library | First floor | 06/02/2015 | Purchase | 149.00 | 10 | 24 | 658.4092 DES | 000004494 | 12/03/2019 | 12/03/2019 | 186.25 | Book - Borrowing | ||||
| Dewey Decimal Classification | Central Library | Central Library | First floor | 06/02/2015 | 149.00 | 14 | 5 | 658.4092 DES | 000004493 | 15/07/2025 | 20/04/2017 | 186.25 | Book - Borrowing | ||||||
| Dewey Decimal Classification | Central Library | Central Library | First floor | 11/05/2010 | 149.00 | 658.4092 DES | 000004492 | 15/07/2025 | 186.25 | NB - Book (Non borrowing) | |||||||||
| Dewey Decimal Classification | unknown | Central Library | Central Library | First floor | 24/04/2019 | Exchange | 658.4092 DES | 000044622 | 15/07/2025 | Book - Borrowing |